<?xml version="1.0" encoding="UTF-8"?>
<record
    xmlns:xsi="http://www.w3.org/2001/XMLSchema-instance"
    xsi:schemaLocation="http://www.loc.gov/MARC21/slim http://www.loc.gov/standards/marcxml/schema/MARC21slim.xsd"
    xmlns="http://www.loc.gov/MARC21/slim">

  <leader>05363nam a22002894a 4500</leader>
  <controlfield tag="001">UTEA</controlfield>
  <controlfield tag="005">20250924093650.0</controlfield>
  <controlfield tag="006">g||||gr||||||01 nz</controlfield>
  <controlfield tag="007">ta</controlfield>
  <controlfield tag="008">250918b        es ||||| |||| 00| 0 spa d</controlfield>
  <datafield tag="020" ind1=" " ind2=" ">
    <subfield code="a">9788491136781</subfield>
  </datafield>
  <datafield tag="040" ind1=" " ind2=" ">
    <subfield code="a">UTEA</subfield>
  </datafield>
  <datafield tag="041" ind1=" " ind2=" ">
    <subfield code="a">spa</subfield>
  </datafield>
  <datafield tag="082" ind1=" " ind2=" ">
    <subfield code="a">610.7343</subfield>
    <subfield code="b">M26 2021</subfield>
  </datafield>
  <datafield tag="100" ind1=" " ind2=" ">
    <subfield code="a">Martinez Riera, Jos&#xE9; Ram&#xF3;n </subfield>
    <subfield code="e">Autor</subfield>
  </datafield>
  <datafield tag="245" ind1=" " ind2=" ">
    <subfield code="a">Manual pr&#xE1;ctico de enfermer&#xED;a comunitaria / </subfield>
    <subfield code="c">Jos&#xE9; Ram&#xF3;n Martinez Riera</subfield>
    <subfield code="h">&#xA8;Texto Impreso]</subfield>
  </datafield>
  <datafield tag="250" ind1=" " ind2=" ">
    <subfield code="a">Segunda edici&#xF3;n</subfield>
  </datafield>
  <datafield tag="260" ind1=" " ind2=" ">
    <subfield code="a">Espa&#xF1;a</subfield>
    <subfield code="b">Editorial Servicios Editoriales GEA Consultor&#xED;a Editorial S.L.</subfield>
    <subfield code="c">2021</subfield>
  </datafield>
  <datafield tag="300" ind1=" " ind2=" ">
    <subfield code="a">728 p&#xE1;ginas</subfield>
    <subfield code="c">17 x 24 cm.</subfield>
  </datafield>
  <datafield tag="505" ind1=" " ind2=" ">
    <subfield code="a">Accesibilidad -- Accidentes en personas mayores: las ca&#xED;das y su prevenci&#xF3;n -- Activos de salud en el trabajo comunitario -- Aerosoles -- Agentes de salud -- Anciano fr&#xE1;gil -- Atenci&#xF3;n a la mujer en la edad media de la vida. Valoraci&#xF3;n y cuidados de enfermer&#xED;a a la mujer en el climaterio -- Atenci&#xF3;n a la poblaci&#xF3;n infantil y adolescente en atenci&#xF3;n comunitaria -- Atenci&#xF3;n a la sexualidad humana en enfermer&#xED;a comunitaria -- Atenci&#xF3;n domiciliaria -- Atenci&#xF3;n familiar domiciliaria: evaluaci&#xF3;n -- Atenci&#xF3;n familiar domiciliaria: planificaci&#xF3;n -- Atenci&#xF3;n integral, integrada e integradora biopsicosocial y espiritual -- Atenci&#xF3;n primaria de salud: perspectivas de futuro -- Bienestar: la medici&#xF3;n de la calidad de vida relacionada con la salud -- Calidad asistencial: concepto -- Calidad en enfermer&#xED;a familiar y comunitaria -- calidad, evaluaci&#xF3;n y mejora -- Cartera de servicios -- Competencias en cuidados -- Comunidad -- Consulta enfermera -- Continuidad de cuidados: nuevas figuras de gesti&#xF3;n -- Control de la salud infantil -- Cronicidad: implicaci&#xF3;n y abordaje en atenci&#xF3;n primaria -- Cuidadora familiar -- Cuidados complementarios para la salud -- Declaraci&#xF3;n de Alma-Ata -- Demograf&#xED;a y salud -- Diabetes: educaci&#xF3;n para la salud -- Diabetes mellitus -- Diagn&#xF3;stico de salud -- Diagn&#xF3;stico enfermero: l&#xED;neas futuras de desarrollo e investigaci&#xF3;n -- Discapacidad: valoraci&#xF3;n -- Duelo y sus fases -- Educaci&#xF3;n para la salud -- Electrocardiograma -- Emergencias en atenci&#xF3;n primaria -- Enfermedad de Alzheimer -- Enfermedad pulmonar obstructiva cr&#xF3;nica -- Enfermera comunitaria -- Enfermer&#xED;a basada en las evidencias -- Entrevista -- Envejecimiento -- Epidemiolog&#xED;a en atenci&#xF3;n primaria: aportaciones -- Epidemiolog&#xED;a en atenci&#xF3;n primaria: concepto y m&#xE9;todo -- Escalas de valoraci&#xF3;n -- Espirometr&#xED;a: pruebas funcionales respiratorias -- Estilos de vida -- &#xC9;tica de la atenci&#xF3;n en enfermer&#xED;a -- Extracci&#xF3;n de muestras de sangre -- Familia: funciones -- Familia y ciclo vital -- Familia y estructura -- Familia y salud -- G&#xE9;nero y salud -- Genograma familiar -- Gesti&#xF3;n de los cuidados -- Grupales, actividades -- Gu&#xED;as de pr&#xE1;ctica cl&#xED;nica y otros procedimientos de estandarizaci&#xF3;n de los cuidados -- Heridas: cuidados -- Hipertensi&#xF3;n arterial: educaci&#xF3;n para la salud -- Historia cl&#xED;nica en atenci&#xF3;n primaria -- Humanizaci&#xF3;n en atenci&#xF3;n primaria -- Interrelaci&#xF3;n -- Intersectorialidad -- Intervenci&#xF3;n comunitaria -- Investigaci&#xF3;n acci&#xF3;n participativa y appreciative inquiry -- Investigaci&#xF3;n cuantitativa frente a cualitativa -- Investigaci&#xF3;n enfermera en atenci&#xF3;n primaria: prioridades -- Inyectable: t&#xE9;cnica -- J&#xF3;venes y drogas -- J&#xF3;venes y trastornos de la conducta alimentaria -- Lactancia materna -- Lenguajes estandarizados enfermeros en atenci&#xF3;n primaria -- Lesiones no intencionadas en pediatr&#xED;a -- Medidas de asociaci&#xF3;n o tama&#xF1;o del efecto -- Medidas de frecuencia -- Medidas de impacto -- Metodolog&#xED;a de cuidados en atenci&#xF3;n primaria: an&#xE1;lisis de la situaci&#xF3;n y propuestas de mejora -- M&#xE9;todos anticonceptivos -- Multiculturalidad -- Necesidades en salud -- Nutrici&#xF3;n y alimentaci&#xF3;n: evidencia en las recomendaciones y nuevas aportaciones metodol&#xF3;gicas -- Obesidad: atenci&#xF3;n enfermera -- Observaci&#xF3;n -- Organizaci&#xF3;n de los cuidados -- Osteoarticulares, enfermedades: atenci&#xF3;n enfermera -- Ostom&#xED;as -- Oxigenoterapia -- Paciente con necesidades paliativas: atenci&#xF3;n enfermera -- Participaci&#xF3;n comunitaria en salud -- Pol&#xED;ticas de salud -- Precauciones est&#xE1;ndar -- Prescripci&#xF3;n enfermera en atenci&#xF3;n primaria -- Programas de salud -- Promoci&#xF3;n de salud -- Quemaduras -- Reanimaci&#xF3;n cardiopulmonar b&#xE1;sica -- Redes sociales -- Salud-enfermedad: conceptos sociales -- Salud escolar: la enfermera escolar -- Salud maternal: atenci&#xF3;n -- Salud p&#xFA;blica: funciones -- Salutog&#xE9;nesis -- Sociosanitario, aportaciones de la gesti&#xF3;n de casos -- Sociosanitario, espacio -- Sondaje nasog&#xE1;strico -- Sondaje vesical -- Suturas cut&#xE1;neas -- Tabaco: intervenci&#xF3;n enfermera -- Taponamiento nasal y epistaxis -- Tapones de cerumen, extracci&#xF3;n -- Toma de presi&#xF3;n arterial -- Trabajo en equipo -- &#xDA;lceras por presi&#xF3;n: una gu&#xED;a para el tratamiento en atenci&#xF3;n domiciliaria -- &#xDA;lceras por presi&#xF3;n: prevenci&#xF3;n -- Vacunas -- Vendajes -- Vigilancia epidemiol&#xF3;gica: redes centinela -- Violencia de g&#xE9;nero -- Yatrogenia.</subfield>
  </datafield>
  <datafield tag="650" ind1=" " ind2=" ">
    <subfield code="a">ENFERMER&#xCD;A COMUNITARIA</subfield>
    <subfield code="9">9922</subfield>
  </datafield>
  <datafield tag="650" ind1=" " ind2=" ">
    <subfield code="a">BIOPSICOSOCIAL </subfield>
    <subfield code="9">59380</subfield>
  </datafield>
  <datafield tag="650" ind1=" " ind2=" ">
    <subfield code="a">ELECTROCARDIONGRAMA</subfield>
    <subfield code="9">59381</subfield>
  </datafield>
  <datafield tag="650" ind1=" " ind2=" ">
    <subfield code="a">CARDIOPULMONAR </subfield>
    <subfield code="9">59382</subfield>
  </datafield>
  <datafield tag="700" ind1=" " ind2=" ">
    <subfield code="a">Del Pino Casado, Rafael </subfield>
    <subfield code="e">Coautor</subfield>
    <subfield code="9">59383</subfield>
  </datafield>
  <datafield tag="942" ind1=" " ind2=" ">
    <subfield code="2">ddc</subfield>
    <subfield code="c">BK</subfield>
    <subfield code="e">2025-09-18</subfield>
    <subfield code="z">Mag. Cecilio Flores Noa</subfield>
  </datafield>
  <datafield tag="952" ind1=" " ind2=" ">
    <subfield code="0">0</subfield>
    <subfield code="1">0</subfield>
    <subfield code="2">ddc</subfield>
    <subfield code="4">0</subfield>
    <subfield code="7">0</subfield>
    <subfield code="8">EPEF3</subfield>
    <subfield code="a">BAND</subfield>
    <subfield code="b">BAND</subfield>
    <subfield code="d">2025-09-18</subfield>
    <subfield code="e">CP</subfield>
    <subfield code="o">610.7343 M26 2021</subfield>
    <subfield code="p">BAND25090237</subfield>
    <subfield code="w">2025-09-18</subfield>
    <subfield code="y">BK</subfield>
    <subfield code="k"></subfield>
  </datafield>
  <datafield tag="952" ind1=" " ind2=" ">
    <subfield code="0">0</subfield>
    <subfield code="1">0</subfield>
    <subfield code="2">ddc</subfield>
    <subfield code="4">0</subfield>
    <subfield code="7">0</subfield>
    <subfield code="8">EPEF3</subfield>
    <subfield code="a">BABA</subfield>
    <subfield code="b">BABA</subfield>
    <subfield code="c">SALA1</subfield>
    <subfield code="d">2025-09-23</subfield>
    <subfield code="o">610.7343 M26 2021</subfield>
    <subfield code="p">BABA25090318</subfield>
    <subfield code="w">2025-09-23</subfield>
    <subfield code="y">BK</subfield>
    <subfield code="k"></subfield>
  </datafield>
  <datafield tag="952" ind1=" " ind2=" ">
    <subfield code="0">0</subfield>
    <subfield code="1">0</subfield>
    <subfield code="2">ddc</subfield>
    <subfield code="4">0</subfield>
    <subfield code="7">0</subfield>
    <subfield code="8">EPEF3</subfield>
    <subfield code="a">BCUS</subfield>
    <subfield code="b">BCUS</subfield>
    <subfield code="c">Biblioteca Collasuyo</subfield>
    <subfield code="d">2025-09-23</subfield>
    <subfield code="o">610.7343 M26 2021</subfield>
    <subfield code="p">BCUS25090349</subfield>
    <subfield code="w">2025-09-23</subfield>
    <subfield code="y">BK</subfield>
    <subfield code="k"></subfield>
  </datafield>
  <datafield tag="999" ind1=" " ind2=" ">
    <subfield code="c">17279</subfield>
    <subfield code="d">17279</subfield>
  </datafield>
</record>
